000
00406nam a2200145Ia 4500
008
100122s9999 xx 000 0 und d
082
_b
46264
_a
823.08
100
_a
राजाध्यक्ष विजया
245
_a
अधांतर
260
_b
सन पब्लिकेशन
_c
1984
300
_a
205
630
_a
अधांतर
730
_a
अधांतर
942
_c
BOOK
999
_c
425471
_d
425468